[Event "Bazna Kings 3rd"]
[Site "Bazna"]
[Date "2009.06.18"]
[Round "5"]
[White "Radjabov, Teimour"]
[Black "Nisipeanu, Liviu Dieter"]
[Result "1/2-1/2"]
[WhiteElo "2756"]
[BlackElo "2675"]
[Annotator "Kritz,L"]
[PlyCount "51"]
[EventDate "2009.06.14"]
[EventType "tourn"]
[EventRounds "10"]
[EventCountry "ROU"]
[EventCategory "20"]
[SourceTitle "CBM 131"]
[Source "ChessBase"]
[SourceDate "2009.07.15"]
[SourceVersion "1"]
[SourceVersionDate "2009.07.15"]
[SourceQuality "1"]

1. e4 d5 {In letzter Zeit hat Skandinavisch sehr viel an Popularität gewonnen
und wird auch auf höchstem Niveau verwendet.} 2. exd5 Qxd5 3. Nc3 Qd6 4. d4 Nf6
5. Nf3 c6 6. Ne5 {Das ist die prinzipiellste Fortsetzung.} (6. g3 $2 {Das
Läuferfianchetto nach dem Schwarz schon c6 gespielt hat ist absolut sinnlos -
der Läufer hat auf der langen Diagonale nichts zu suchen.} Bg4 7. Bg2 e6 8. h3
Bxf3 9. Bxf3 Be7 10. Ne2 Nbd7 $11 {Lanin - Tiviakov (Dagomys, 2009)}) (6. h3
Bf5 7. Bd3 Bxd3 8. Qxd3 Nbd7 {Schwarz hat überhaupt keine Probleme. Er kann
zwischen der verbesserten Version von Caro-Kann (e6-Be7) und der
Partieentwicklung wählen.} 9. Bg5 g6 10. O-O-O Bg7 11. Rhe1 O-O $132 {Hendriks
- Tiviakov (Trieste, 2007)}) ({Auch nach} 6. Be2 {gleicht Schwarz sofort aus.}
Bg4 7. h3 (7. Ne5 Bxe2 8. Qxe2 Nbd7 $11 {und Weiß kann nicht 9.Bf4 spielen.} 9.
Bf4 $2 Qxd4 $17) 7... Bxf3 8. Bxf3 e6 9. O-O Nbd7 $11 {Sodoma - Hasangatin 
(Pardubice, 2007)}) 6... Nbd7 7. Nc4 (7. Bf4 Nd5 (7... Nxe5 8. dxe5 Qb4 9. Qd2
Nd5 10. Nxd5 Qxd2+ 11. Kxd2 cxd5 12. c4 dxc4 13. Bxc4 $14 {Moldovan - Burnoiu 
(Bucharest, 2006). Weiß hat bessere Aussichten im Endspiel.}) 8. Nxd5 (8. Bg3
Nxc3 9. bxc3 Nxe5 10. Bxe5 Qa3 $132 {Mastrovasilis - Tiviakov (Budva, 2009)})
8... Qxd5 9. Be2 Nxe5 10. Bxe5 Qxg2 11. Bf3 Qg6 12. d5 Bg4 $1 13. dxc6 bxc6 14.
Qe2 Bxf3 15. Qxf3 Rd8 16. Rd1 Qe6 17. O-O Rxd1 18. Rxd1 h5 $132 {Anand -
Tiviakov (Wijk aan Zee, 2006)}) 7... Qc7 8. a4 (8. Qf3 Nb6 9. Bf4 Qd8 10. Be5
Bg4 11. Qg3 $14 {Grischuk - Tiviakov (Sochi, 2006)}) 8... g6 {Eine neue Idee.
In der Vorgängerpartie wurde 8....Nb6 gespielt.} (8... Nb6 $5 9. Ne5 Bf5 (9...
Nbd7 10. Bf4 {/\Ng6} Nxe5 11. dxe5 Be6 12. Nb5 $1 Qb8 (12... cxb5 $2 13. exf6
Qa5+ (13... Qxf4 14. Bxb5+ Bd7 15. Qxd7#) 14. Bd2 Qc7 15. Bxb5+ Bd7 16. O-O $1
gxf6 17. Ba5 b6 18. Qf3 Rd8 19. Bc3 Bg7 20. Rfe1 $18) 13. Nd4 $16) (9... e6 $2
{kann nicht gut sein, solange der Läufer auf c8 steht.} 10. Bd3 Nbd7 11. Bf4
Nxe5 12. Bxe5 Bd6 13. f4 $14 {Caruana - Granda Zuniga (Zafra, 2009)}) 10. g4
Be6 11. f4 g6 $13 {Die Stellung ist zweischneidig.}) 9. g3 {Die Entwicklung
des Läufers auf die lange Diagonale gegen den schwarzen Aufbau mit c6 bringt
normalerweise keinen Vorteil.} (9. Qf3 $5 Nb6 10. Bf4 Qd8 11. Be5 Bg7 12. a5
Nbd5 13. Nxd5 Qxd5 14. Be2 $14) 9... Bg7 10. Bg2 Nb6 11. Nxb6 {Besser als 11.
Bf4, wonach der Bauer b2 hängen würde.} (11. Bf4 Qd8 12. Nxb6 Qxb6 $11 {
Nun muss Weiß mit der Möglichkeit ...Qxb2 rechnen.}) 11... Qxb6 $1 {Schwarz
will den weißen schwarzfeldrigen Läufer an die Verteidigung des Bauern b2
binden.} (11... axb6 12. Bf4 Qd8 13. Be5 O-O 14. O-O $14) 12. a5 (12. O-O a5
$11 {Die schwarze Dame steht unantastbar und übt Druck gegen die weißen Bauern
b2 und d4 aus.}) 12... Qa6 13. Qe2 $6 {Eine sehr passive Entscheidung. Nach
dem Damentausch kann Schwarz problemlos ausgleichen.} (13. Bf1 $6 {führt
ebenfalls zu nichts:} b5 14. Bg2 Bg4 15. Qd3 Rd8 $1 16. O-O O-O 17. Bf4 Bf5 18.
Qd2 b4 19. Na4 Nd5 $15) (13. Bf4 $1 {Wenn man etwas versuchen will, dann muss
man gegen die schwarze Dame spielen.} Bf5 14. Bf1 b5 15. axb6 Qxb6 16. Bg2 O-O
17. Na4 Qa5+ 18. Qd2 $132 {Selbst wenn die Stellung bei richtigem Spiel
ausgeglichen ist, war das der einzige Weg, um auf Gewinn zu spielen.}) 13...
Qxe2+ 14. Nxe2 a6 $1 $11 {Die Schwäche des Feldes b6 macht nichts, denn der
weiße Springer ist sehr weit davon entfernt. Es ist viel wichtiger, die
Aktivierung des weißfeldrigen Läufers g2 mittels a6 zu verhindern.} (14... O-O
$2 15. a6 $14) (14... Bf5 $2 15. a6 O-O-O 16. axb7+ Kxb7 17. c3 $14) 15. O-O
Bf5 16. c3 O-O-O {Schwarz hat keine Schwächen und dementsprechend kann Weiß
nichts machen.} (16... Be4 {Der Läufertausch ist hier nicht im Sinne von
Schwarz, weil der weiße Läufer g2 eigentlich sehr schlecht ist. Schwarz sollte
eher versuchen, seinen weißfeldrigen Läufer gegen den weißen Springer
abzutauschen.} 17. Bxe4 Nxe4 18. Nf4 e6 19. Re1 Nf6 20. Nd3 $14) 17. Re1 Rhe8
18. Nf4 e6 19. h3 h5 {Der Läufer f5 ist in absoluter Sicherheit.} 20. Be3 (20.
f3 Nd5 21. g4 Nxf4 22. Bxf4 Bd3 $11) 20... Nd5 21. Nxd5 exd5 ({Zu potentiellen
Problemen könnte} 21... cxd5 {führen.} 22. Bg5 Rd7 23. Bf1 $1 $14 {Weiß will
f3-g4 spielen und zwingt dadurch Schwarz f6 oder e5 zu spielen, wonach Schwarz
noch kleine Probleme zu lösen haben wird. Dagegen beendet das Nehmen 21...exd5
die Partie sofort.}) 22. Bd2 Rxe1+ 23. Rxe1 Kd7 24. b4 Re8 25. Rxe8 Kxe8 26.
Bf1 1/2-1/2

[Event "Bazna Kings 3rd"]
[Site "Bazna"]
[Date "2009.06.20"]
[Round "6"]
[White "Gelfand, Boris"]
[Black "Radjabov, Teimour"]
[Result "1/2-1/2"]
[WhiteElo "2733"]
[BlackElo "2756"]
[Annotator "CB"]
[PlyCount "73"]
[EventDate "2009.06.14"]
[EventType "tourn"]
[EventRounds "10"]
[EventCountry "ROU"]
[EventCategory "20"]
[SourceTitle "CBM 131"]
[Source "ChessBase"]
[SourceDate "2009.07.15"]
[SourceVersion "1"]
[SourceVersionDate "2009.07.15"]
[SourceQuality "1"]

1. d4 Nf6 2. c4 g6 3. Nc3 Bg7 4. e4 d6 5. Nf3 O-O 6. Be2 e5 7. O-O Nc6 8. d5
Ne7 9. Nd2 a5 10. a3 Bd7 11. b3 c6 {#} 12. Ra2 {A nice way for the rook to
come to the c-file.} Qb8 {In this particular variation of the King's Indian
Black wants to expand on the queenside (which is slightly unusual for this
sharp opening). His plan is to prepare the advance of the b-pawn to b5.} 13.
Rc2 Rc8 14. Ndb1 {Anticipating that Black will open the c-file, White
strengthens his knight on c3.} (14. Bd3 {is the main alternative.}) 14... cxd5
15. cxd5 b5 16. b4 a4 {Actually this move is a novelty, although the idea has
been known: Black wants to close the queenside, then regroup his pieces and
start kingside activity with f7-f5.} 17. Qd3 {#} Nh5 $1 {Radjabov has a subtle
feelings for such positions. He doesn't waste time and starts immediately some
actions on the kingside.} 18. Bxh5 gxh5 {Of course the doubles pawns on the
h-file represent a weakness for Black, but in the middlegame the dynamic
factors of the position are more important. The pawn on h5 is sort of a bait -
if White's pieces will go for it, Black will get counterplay either in the
center, or on the queenside.} 19. Bg5 Ng6 20. Nd2 Rf8 21. Rfc1 Qe8 22. Qe2 f6 (
{After} 22... Nf4 23. Bxf4 exf4 24. Qxh5 f5 25. Qe2 {it is not clear whether
Black has sufficient compensation for the pawn.}) 23. Be3 h4 24. h3 Rc8 25. Qh5
f5 26. Nf3 Nf4 (26... f4 {doesn't catch the bishop: 27.Bb6.}) 27. Qxe8 Rfxe8
28. Nxh4 Nd3 29. Nxf5 Nxc1 ({During the game Radjabov calculated the following
variation:} 29... Bxf5 30. exf5 Nxc1 31. Rxc1 e4 32. Nxb5 Rxc1+ 33. Bxc1 Rc8 ({
better here is} 33... Re5 {and Black has little to fear.}) 34. Bf4 Rb8 35. Nxd6
Rxb4 36. axb4 a3 {#Analysis diagram and for a while he thought Black is
winning, but he spotted in time White's study-like solution to stop the
opponent's a-pawn:} 37. f6 $1 Bxf6 (37... a2 38. Be5) 38. Nxe4 Bb2 (38... a2
39. Nxf6+ Kf7 40. Be5) 39. Nc5 a2 40. Nb3 {and it White who wins}) 30. Rxc1 Bf8
31. Kf1 Rc4 32. Ng3 Rec8 33. Nge2 h5 34. Ke1 Be7 35. Kd2 Kf7 36. Rh1 Bf6 37. g3
{# It is difficult for either side to make progress, so the players agreed to
a draw.} 1/2-1/2

[Event "Bazna Kings 3rd"]
[Site "Bazna"]
[Date "2009.06.21"]
[Round "7"]
[White "Radjabov, Teimour"]
[Black "Kamsky, Gata"]
[Result "1-0"]
[WhiteElo "2756"]
[BlackElo "2720"]
[Annotator "CB"]
[PlyCount "97"]
[EventDate "2009.06.14"]
[EventType "tourn"]
[EventRounds "10"]
[EventCountry "ROU"]
[EventCategory "20"]
[SourceTitle "CBM 131"]
[Source "ChessBase"]
[SourceDate "2009.07.15"]
[SourceVersion "1"]
[SourceVersionDate "2009.07.15"]
[SourceQuality "1"]

1. e4 c6 2. d4 d5 3. Nc3 dxe4 4. Nxe4 Bf5 5. Ng3 Bg6 6. Nh3 Nf6 7. Nf4 {
# In his practice Radjabov has already played this sideline against the
Caro-Kann. White's main idea is to exchange at some point on g6 and remain
with the bishop pair.} Nbd7 ({Kamsky decided to avoid} 7... e5 8. Nxg6 hxg6 9.
dxe5 Qa5+ ({The endgame} 9... Qxd1+ 10. Kxd1 Ng4 11. Ne4 {is slightly better
for White}) 10. Bd2 Qxe5+ 11. Qe2 Qxe2+ 12. Bxe2 Nbd7 {In this type of
position White can try for a long time to play for a win without any risk. The
bishop pair secures him a slight plus. Nevertheless Radjabov made two draws
here:} 13. O-O O-O-O 14. Rad1 Nb6 15. Rfe1 (15. Bc1 Bd6 16. Rfe1 Kc7 17. h3
Rhe8 18. Bd3 {1/2-1/2 Radjabov,T (2735)-Anand,V (2799)/Morelia/Linares 2008})
15... Bd6 16. Nf1 Kc7 17. g3 Ne4 18. Bc1 Bc5 19. Bf4+ Bd6 20. Bc1 Bc5 21. Ne3
Nd5 22. Bd3 Nxe3 23. Bxe3 Bxe3 24. Bxe4 Rxd1 {1/2-1/2 Radjabov,T (2761)-Leko,P
(2751)/Nice 2009}) 8. Bc4 Nb6 ({In case of} 8... e6 {Black must reckon with} 9.
h4) ({In the game Popovic,P (2483)-Nisipeanu,L (2611)/France 2000 Black was
doing great after} 8... Qc7 9. O-O Nb6 10. Bb3 e6 11. Qf3 O-O-O 12. c3 Bd6 13.
h3 Nbd5 14. Nxg6 hxg6 15. Rd1 Nf4 16. Ne4 Nxe4 17. Qxe4 g5) 9. Bb3 Qd7 {
A new move. Black wants to attack quickly the pawn d4, but on the other hand
the answer c2-c3 is a part of White's plan anyway.} 10. O-O Rd8 11. c3 Nbd5 12.
Nd3 Bxd3 13. Qxd3 g6 14. Bg5 Bg7 15. Rfe1 h6 {It is not clear whether Black
really needs this move.} 16. Bd2 O-O 17. Rad1 b5 {Designed to strengthen the
position of the knight d5.} 18. h3 Qc7 19. a4 a6 20. Qc2 e6 21. Qc1 {#} h5 ({If
} 21... Kh7 {then Black must always be ready against the advance of opponent's
h-pawn. White can also start with} 22. Ne4 Nxe4 23. Rxe4 {creating the threat
24.Bxh6 Bxh6 25.Rh4.}) 22. Nf1 {Radjabov spotted a new weakness in Black's
position - square g5. His plan now is to transfer the knight to f3.} c5 {
After this the position is very close to equal, but as Radjabov said after the
game: "equal positions can also be played on".} 23. axb5 axb5 24. dxc5 Qxc5 25.
Nh2 Nb6 26. Be3 Qc7 27. Nf3 Nc4 28. Bd4 Rd5 {It was not really necessary to
place the rook here. However, Kamsky's main problem was the time: the US GM
already had less than 10 minutes before reaching move 40.} (28... Nd5 29. Bxg7
Kxg7 {is just equal}) 29. Ba2 {White's plan now is b3 and c4.} Ra8 30. Qb1 {#}
Re8 $2 {A bad mistake. It was not too late to finally retreat the rook from d5
and unpin the knight c4.} (30... Rdd8 {is still equal, since now} 31. b3 Nd6
32. c4 bxc4 33. bxc4 Nd7 {is fine for Black}) 31. b3 Na3 ({After} 31... Nd6 32.
c4 bxc4 33. bxc4 Rf5 {White wins anyway:} 34. Bb6 Qb8 35. Nd4 Rf4 36. Nc6) 32.
Qb2 Ra8 33. c4 bxc4 34. bxc4 Rf5 35. Nh4 {# Now it's over. The rook cannot
leave the f-file because knight f6 needs protection.} Rf4 (35... Rfa5 36. Bb6)
36. Be5 Nxc4 37. Qc1 Qc5 (37... Qb6 38. Qxf4 Nxe5 39. Bxe6 $1 Qxe6 40. Rxe5 {
is also hopeless}) 38. Qxf4 Nxe5 39. Bxe6 $1 ({Not} 39. Rxe5 $2 Qc2 {and the
e6-pawn stays alive}) 39... Ra5 (39... fxe6 40. Qxe5) 40. Bb3 Rb5 41. Nf3 Nxf3+
42. Qxf3 Qc7 43. Qd3 Rb8 44. Rc1 Qb7 45. Rb1 Qa7 46. Qd6 Kh7 47. Ra1 Qb7 48.
Bxf7 Rf8 49. Re7 1-0

[Event "Bazna Kings 3rd"]
[Site "Bazna"]
[Date "2009.06.22"]
[Round "8"]
[White "Shirov, Alexei"]
[Black "Radjabov, Teimour"]
[Result "1/2-1/2"]
[WhiteElo "2745"]
[BlackElo "2756"]
[Annotator "CB"]
[PlyCount "75"]
[EventDate "2009.06.14"]
[EventType "tourn"]
[EventRounds "10"]
[EventCountry "ROU"]
[EventCategory "20"]
[SourceTitle "CBM 131"]
[Source "ChessBase"]
[SourceDate "2009.07.15"]
[SourceVersion "1"]
[SourceVersionDate "2009.07.15"]
[SourceQuality "1"]

1. e4 c5 2. Nf3 Nc6 3. d4 cxd4 4. Nxd4 Nf6 5. Nc3 e5 6. Ndb5 d6 7. Bg5 a6 8.
Na3 b5 9. Nd5 Be7 10. Bxf6 Bxf6 11. c3 Bg5 12. Nc2 Ne7 13. h4 Bh6 14. a4 bxa4
15. Ncb4 O-O 16. Qxa4 Nxd5 17. Nxd5 a5 18. Bb5 {#} Be6 ({Shirov himself had a
bad experience in this line with Black:} 18... Kh8 19. b4 f5 20. Bc6 Ra7 21.
exf5 Bxf5 22. bxa5 Bd3 23. Bb5 Bxb5 24. Qxb5 Raf7 25. O-O Qxh4 26. Qe2 {
and White's a-pawn brought him victory in Karjakin,S (2678)-Shirov,A (2715)/
Wijk aan Zee 2007. However, in the past two years the theory of this line
developed a lot and 18...Be6 is considered most precise nowadays.}) 19. Bc6 Rb8
20. b4 axb4 21. cxb4 Kh8 ({The main alternative is} 21... Bxd5 22. Bxd5 Qb6)
22. b5 Bxd5 23. Bxd5 Qb6 24. O-O ({In case of} 24. Bc6 {Black has the nice
transfer of the bishop to a better diagonal:} Be3 $1 25. O-O (25. fxe3 Qxe3+
26. Kd1 Qd3+ 27. Ke1 Qe3+ {is a draw}) 25... Bd4 26. Ra2 f5 27. exf5 Rxf5 28.
g3 Rbf8 {and thanks to the pressure on f2 Black has nothing to fear, Grischuk,
A (2719) -Illescas Cordoba,M (2604)/Dresden 2008}) 24... Qxb5 25. Qxb5 Rxb5 {#}
26. Ra6 {You'll be surprised, but only this move is new.} ({In Bacrot,E (2705)
-Eljanov, P (2720)/Elista 2008 White took another pawn, but it led to the same
result:} 26. Bxf7 g5 27. hxg5 Bxg5 28. Be6 Rb4 29. Bf5 d5 30. Ra5 dxe4 31. Rxe5
Bf4 32. Rxe4 Rxe4 33. Bxe4 Rc8 34. Bf3 Rc1 35. Bd1 Kg7 {and White cannot unpin
the bishop without exchanging the rooks, which leads to a complete drawish
position.}) 26... f6 ({In Shirov's opinion} 26... f5 27. Rxd6 fxe4 28. Bxe4 {
offers White some possibilities to play on thanks to the better pawn structure.
}) 27. Rxd6 Rc5 28. h5 (28. Rd7 Rc1 29. Rxc1 Bxc1 {looks slightly unpleasant
for Black, but he simply waits and the position is a draw.}) 28... Rc7 29. g3
g6 30. Kg2 Kg7 {With the king on g7 (instead of being cut on h8) Black doesn't
have even the slightest problem to achieve a draw.} 31. Kh3 Bc1 {#} 32. f4 exf4
33. gxf4 g5 34. fxg5 Bxg5 35. e5 Re7 ({There is no point for Black to go for
the variation} 35... fxe5 36. h6+ Bxh6 37. Rg1+ Kh8 38. Rxh6) 36. e6 f5 37. Bc6
Kh6 38. Bf3 1/2-1/2

[Event "Bazna Kings 3rd"]
[Site "Bazna"]
[Date "2009.06.24"]
[Round "9"]
[White "Nisipeanu, Liviu Dieter"]
[Black "Radjabov, Teimour"]
[Result "1/2-1/2"]
[WhiteElo "2675"]
[BlackElo "2756"]
[Annotator "Rogozenco,D"]
[PlyCount "81"]
[EventDate "2009.06.14"]
[EventType "tourn"]
[EventRounds "10"]
[EventCountry "ROU"]
[EventCategory "20"]
[SourceTitle "CBM 131"]
[Source "ChessBase"]
[SourceDate "2009.07.15"]
[SourceVersion "1"]
[SourceVersionDate "2009.07.15"]
[SourceQuality "1"]

1. e4 c5 2. Nf3 d6 3. d4 cxd4 4. Nxd4 Nf6 5. Nc3 g6 6. Be3 Bg7 7. f3 Nc6 8. Qd2
O-O 9. O-O-O d5 10. Kb1 Nxd4 11. e5 Nf5 12. exf6 exf6 {Most likely the
popularity of this move will slowly increase in the future.} ({The position
after} 12... Bxf6 13. Nxd5 Qxd5 14. Qxd5 Nxe3 15. Qd2 Nxd1 16. Qxd1 {is
considered close to equal, but a good technical player enjoys it with White,
playing for a win without major risks.}) 13. Bc5 (13. Nxd5 Nxe3 14. Qxe3 Be6
15. Bc4 f5 $13) (13. Qxd5 Qxd5 14. Nxd5 Nxe3 15. Nxe3 f5 $11) 13... d4 (13...
Re8 $2 14. Nxd5 $16) 14. Bxf8 Qxf8 15. Nb5 (15. Ne4 $6 Ne3 16. Re1 f5 17. Ng3
Be6 18. Bd3 Qc5 $44 {/-/+}) 15... Ne3 16. Re1 f5 17. f4 $5 $146 {An
interesting attempt to fight for the advantage by stopping the advance f5-f4.
Now in order to hold the balance very precise play from Black is required.
Radjabov was up to the task and in the further extremely sharp play the
position always remains balanced.} (17. Nxd4 f4 {Black's strong minor pieces
secure sufficient compensation for the exchange:} 18. g3 Qd8 19. Nb3 (19. c3 {
loses due to} Bxd4 {followed by a check with the bishop on f5.}) 19... Qf6 20.
Qc1 Bf5 21. Bd3 Bxd3 $1 (21... Rc8 22. Bxf5 Qxf5 23. Re2 a5 24. Rhe1 a4 25.
gxf4 axb3 {here the draw was agreed in Akshayraj,K (2400)-Ganguly,S (2603)/
Mangalore 2008. White has the advantage after} 26. axb3) 22. cxd3 Qf5 23. Rxe3
fxe3 24. Qxe3 Qb5 $44 {[%cal Ga7a5,Ga8e8]}) 17... Qc5 $8 18. c3 Nxf1 19. Re8+ (
19. Rhxf1 $4 Qxb5) 19... Bf8 20. Qxd4 Qxb5 21. Qd8 Nd2+ 22. Kc2 (22. Ka1 $2 Qc5
23. Qxd2 b6 $19) 22... Qa4+ (22... Qc5 {doesn't work in view of} 23. b4 $18) (
22... Qxe8 23. Qxe8 Ne4 $13) 23. Kc1 (23. Kxd2 {looks very risky, even if after
} Qxf4+ 24. Kd1 $1 Qh6 25. Rhe1 $1 f4 26. R1e2 $1 $13 {White defends against
immediate threats.} (26. Rxf8+ $2 Qxf8 27. Re8 Bg4+ $19)) 23... Qxe8 24. Qxe8
Ne4 25. Rd1 Nf6 26. Qe5 Nd7 27. Qe8 Nf6 28. Qd8 Ne4 $1 (28... Kg7 29. Qc7 Be6
30. Qxb7 Re8 31. Qxa7 Bd5 32. Rxd5 Nxd5 33. a4 $16) 29. Rd7 (29. g3 a6 (29...
b6 30. Qd5 Rb8 31. Qe5 Ra8 32. Rd8 Bb7 33. Rxa8 Bxa8 34. Qb8 Bd5 35. Qxa7 $16)
(29... Nc5 30. Qe8 Ne6 31. Rd7 Bxd7 32. Qxa8 Bc6 33. Qxa7 $14) (29... h5 $11)
30. Qc7 Nc5 31. Rd5 Ne6 32. Qb6 h5 33. h4 Be7 34. Kc2 Kf8 {is also equal -
both sides have difficulties in making progress.}) (29. Qc7 $6 Nc5 $15 {
[%cal Gc5e6]}) 29... Bxd7 30. Qxa8 Bc6 31. Qxa7 Nc5 {This complicated position
is about equal. At some moment White will use the power of the queen to repeat
the position, either by checks, or by continuously attacking one of his
opponent's pieces.} 32. g3 Nd3+ 33. Kb1 $1 (33. Kc2 Be4 34. Kb3 Bc5 35. Qb8+
Kg7 36. Qd8 b5 $5 {with an unexpected threat of mate on the next move is of
course unnecessary for White.}) 33... Be4 34. Ka1 Bc5 35. Qb8+ Kg7 36. Qd8 Bg1
37. h4 h5 38. a4 Bf2 39. a5 Bxg3 ({In the event of} 39... Nc5 {with the idea
of placing it on e6 and taking control over the d4-square, White can continue}
40. Qb6 {and Black will have nothing better than repetition anyway.} ({
Additionally, White can try} 40. c4 {with the idea} Ne6 $2 41. Qd2 $1 $16)) 40.
Qd4+ Kf8 41. Qd8+ (41. Qd8+ Kg7 42. Qd4+ Kh7 43. Qd7 $11) 1/2-1/2